000
00313nam a22001337a 4500
008
170613b xxu||||| |||| 00| 0 eng d
020
_a
136860486
041
_a
eng
080
_a
338
100
_a
19
101
_a
SHP
245
_a
THE POLITICS AND ECONOMICS OF STATE-LOCAL-FINANCE
_c
RACZ,L.L
942
_2
udc
_c
BK
999
_c
17212
_d
17212